00828nam a2200241 i 450000100060000000300090000600500170001500700030003200800410003510000280007624500920010425000120019626000330020830000400024149000270028165000220030865000330033070000290036383000350039285200210042799900170044895201210046555373ES-MaACL20250812221418.0t|030918s1984 sp af |||| | spa d1 aDenvir, Bernard.94373913aEl fauvismo y el expresionismo / cBernard Denvir ; [traducción de Marcelo Covián]. a2ª ed. aBarcelona : bLabor, c1984. a63 p., 62 lám. : bil. ; c18 cm.1 aBolsillo de Arte Labor 4aFauvismo.9166760 4aExpresionismo (Arte)91451891 aCovian, Marcelo.918085400aBolsillo de arte Labor9182798 aES-MaACLjL-7360 c55373d55373 00104070aATENEOMbATENEOMcDEPO2d2008-01-17eSCl0oL-7360p1058179r2023-02-23 00:00:00w2023-02-23yMONOGRAFIA